000 00641nam a2200193Ia 4500
001 71050
008 160226s9999 xx 000 0 und d
020 _aNA
040 _cPK-LaUMT
082 _a 348.5491
_bRAM-I
100 _aRamzan Qadri, Muhammad
245 _aImplications & complications of order VII rule 11 C.P.C. commonly known as 7/11
_cRamzan Qadri, Muhammad|Mehmood Ahmed Qadri, Muhammad|Mehboob Ahmed Qardri, Muhammad
260 _aLahore,Pakistan:
_bQadri Law Publications,
_c2015
300 _a370 p.
546 _aEN
700 _aMehboob Ahmed Qardri, Muhammad
700 _aMehmood Ahmed Qadri, Muhammad
942 _cBK
999 _c83453
_d83453